• 首页
  • 本馆介绍
  • 公告通知
  • 最新文献
  • 馆藏检索
  • 电子资源
  • 读者导购
  • 参考咨询
  • 我的图书馆
  • 登录
  • 详细信息显示
  • 放入我的书架
  • 预约/预借图书
  • 作者相关作品
  • 分类相关作品
  • 丛书相关作品
  • 出版社相关作品

书目信息

  • 表格格式
  • 工作单格式
  • 卡片格式
题名:
中英關係略史
    
 
作者: 共丕耶达吗銮拉查奴帕 著
分册:  
出版信息: 北京   文物出版社  2022.07
页数: 204页
开本: 24cm
丛书名: 海上絲綢之路基本文獻叢書
单 册:
中图分类: D829.561 , K336.2
科图分类:
主题词: 中英关系--zhong ying guan xi--国际关系史--史料--民国 , 泰国--tai guo--古代史--史料
电子资源:
ISBN: 978-7-5010-7630-7
000 01456nam 2200337 450
001 CAL 012022018601
005 20230217093113.0
010    @a978-7-5010-7630-7@b精装@dCNY98.00
100    @a20220919e2022 em y0chiy0120 ea
101 0  @achi
102    @aCN@b110000
105    @ay z 000yy
106    @ar
200 1  @a中英關係略史@Azhong ying guan xi lve shi@f佚名著@c暹羅古代史@Cxian luo gu dai shi@f(泰) 共丕耶達嗎鑾拉查奴帕著
205    @a影印本
210    @a北京@c文物出版社@d2022.07
215    @a204页@d24cm
225 2  @a海上絲綢之路基本文獻叢書@Ahai shang si chou zhi lu ji ben wen xian cong shu
330    @a本编注重史料的珍稀性, 从《海上丝绸之路历史文化丛书》中遴选出菁华, 拟出版百册单行本。本编所选之文献, 其编纂的年代下限至一九四九年。本编排序无严格定式, 所选之文献篇幅以二百余页为宜, 以便读者阅读使用。本编所选文献, 每种前皆注明版本、著者。本册内容包括:中英关系略史、暹罗古代史。
410  0 @12001 @a海上絲綢之路基本文獻叢書
423  0 @12001 @a暹羅古代史@1701 0@a共丕耶达吗銮拉查奴帕
518 1  @a中英关系略史
518 1  @a暹罗古代史
606 0  @a中英关系@Azhong ying guan xi@x国际关系史@x史料@y民国
606 0  @a泰国@Atai guo@x古代史@x史料
690    @aD829.561@v5
690    @aK336.2@v5
701  0 @a共丕耶达吗銮拉查奴帕@Agong pi ye da ma luan la cha nu pa@4著
730 1  @a共丕耶達嗎鑾拉查奴帕@Agong pi ye da ma luan la cha nu pa@4著
801  0 @aCN@bBJXHZP@c20230222
905    @b1394624-7@dD829.561@e214@f4
    
    中英關係略史/佚名著.暹羅古代史/(泰) 共丕耶達嗎鑾拉查奴帕著.-影印本.-北京:文物出版社,2022.07
    204页;24cm.-(海上絲綢之路基本文獻叢書)
    
    
    ISBN 978-7-5010-7630-7(精装):CNY98.00
    本编注重史料的珍稀性, 从《海上丝绸之路历史文化丛书》中遴选出菁华, 拟出版百册单行本。本编所选之文献, 其编纂的年代下限至一九四九年。本编排序无严格定式, 所选之文献篇幅以二百余页为宜, 以便读者阅读使用。本编所选文献, 每种前皆注明版本、著者。本册内容包括:中英关系略史、暹罗古代史。
●
相关链接 在E读中查询图书 在五车中查询图书 在当当中查询图书 在豆瓣中查询图书


正题名:中英關係略史     索取号:D829.561/214         预约/预借

序号 登录号 条形码 馆藏地/架位号 状态 备注
1 1394624   213946248   第一样本阅览室/ [索取号:D829.561/214] 在馆    
2 1394625   213946257   第一借阅区/ [索取号:D829.561/214] 在馆    
3 1394626   213946266   第一借阅区/ [索取号:D829.561/214] 在馆    
4 1394627   213946275   第一借阅区/ [索取号:D829.561/214] 在馆    
唐山师范学院图书馆 欢迎您!
大连网信软件有限公司© 版权所有